00614 2200241 4500001002100000005001700021008004100038035002400079082001100103090002100114100002100135245006600156250001100222260003000233300001800263650001000281850001500291980001500306985000600321999001500327999001500342999001500357YOGYA-0209000003194320090227024632.0 ind  0010-020900000031943 a297.34 a297.34bTho PlT aThohir, Muhammad aPuasa ramadhan pengantar kesehatan paripurnacMuhammad Thohir aCet. 1 aSurabayabAl-Ikhsanc1994 a70 hlmc21 cm aPuasa aYOPDYOG(B) a01-08-2007 a3 a00P0006754 a00P0006755 a00P0006756